000 00457nam a2200169Ia 4500
008 230917s9999||||xx |||||||||||||| ||und||
020 _cGBP95
040 _e225315
_aMAIN
041 _aEnglish
082 _a660.6024576 C854A
100 _aCrasta, Darrel, ed.
245 0 _aAdvances in microbial biotechnology
260 _aLondon
_bKoros Press
_c2015
300 _aviii, 272 p.
500 _a1988 23/02/2015 IBS216 24/02/2015 Main Budget
942 _cBK
999 _c14869
_d14869